A valentine for Fuzzboom /

Lima Bean, a lovesick young rabbit, gets up the nerve to send her idol, Fuzzboom, a valentine.

Bibliographic Details
Main Author: Kelley, True
Format: Book
Language:English
Published: Boston : Houghton Mifflin, 1981.
Subjects:

MARC

Tag First Indicator Second Indicator Subfields
LEADER 00000pam a2200000 a 4500
001 in00000098641
005 20150924085915.0
008 800926s1981 maua j 00011 engm
010 |a  80024284  
020 |a 0395304466 
035 |a (OCoLC)06861554 
035 |9 AAK9749AM 
040 |a DLC  |c DLC  |d m.c.  |d UtOrBLW 
049 |a [Curr Col] TXAM  |c [1633579] 
050 0 0 |a PZ7 K2824  |b  Val 
082 0 |a [E]  |2 19 
100 1 |a Kelley, True. 
245 1 2 |a A valentine for Fuzzboom /  |c True Kelly. 
264 1 |a Boston :  |b Houghton Mifflin,  |c 1981. 
300 |a 23 pages :  |b color illustrations ;  |c 17 cm. 
336 |a text  |b txt  |2 rdacontent 
337 |a unmediated  |b n  |2 rdamedia 
338 |a volume  |b nc  |2 rdacarrier 
520 |a Lima Bean, a lovesick young rabbit, gets up the nerve to send her idol, Fuzzboom, a valentine. 
650 1 |a Rabbits  |x Fiction. 
650 1 |a Saint Valentine's Day  |x Fiction. 
999 |a MARS 
999 f f |s d43b1b66-4816-3ffe-b69d-6acb2ce8501b  |i 901b5ce0-6c08-395c-ab2a-74a93a52b53c  |t 0 
952 f f |p ric  |a Texas A&M University  |b Rellis Campus  |c Joint Library Facility  |d Remote Storage  |t 0  |e PZ7 K2824 Val  |h Library of Congress classification  |i unmediated -- volume  |m A14806290147 
998 f f |a PZ7 K2824 Val  |t 0  |l Remote Storage